000
00247nam a2200109Ia 4500
008
190216s9999||||xx |||||||||||||| ||und||
100
_a
Dr.Abraham T Kovoor
245
0
_a
Begone Godmen
260
_b
Current Books
650
_a
English
942
_c
BK
999
_c
13292
_d
13292